Odgadnij powiat po wskazówkach - Statystyki

Ogólne statystyki
  • Ten quiz został rozwiązany 24 razy
  • Średni wynik to 9 z 13
Odpowiedzi na mapie
Odpowiedzi zakodowano w zielono-czerwonej skali na mapie do tego quizu, zgodnie z poniższymi procentami.
 
Statystyki odpowiedzi
Wskazówka Odpowiedź % Poprawnych
Kraina tysiąca jezior Mazury
96%
Największa rzeka w Polsce Wisła
96%
W latach 1920 -1939 było to państwo-miasto Gdańsk
91%
Niemiecka nazwa tego miasta to Schwientochlowitz Świętochłowice
83%
Największy szczyt Sudetów Śnieżka
78%
Jedyny powiat w woj. podlaskim, zawierający obiekt UNESCO hajnowski
74%
Najgłębsze jezioro polodowcowe w Polsce Hańcza
74%
Powiat, mający tablice rejestracyjne WZY żyrardowski
74%
Tatry, na których odnotowano najniższą temperaturę w Polsce (-41,1°C) Tatry {Zachodnie}
65%
Stolica Polski od 22 lipca 1944 do 27 lipca 1944 Chełm
57%
Najwyższy szczyt Beskidu Śląskiego Skrzyczne
35%
Endemiczny gatunek sosny w Karpatach Sosna Limba
30%
Powiat wschowski
30%
Nie znaleziono quizów pasujących do podanych kryteriów
Rozkład punktacji
Procent ludzi z każdym wynikiem
Percentyl według liczby udzielonych odpowiedzi
Twoja historia wyników
Nie rozwiązałeś tego quizu